Diccionario de ciencias cognitivas : (Record no. 117657)

MARC details
000 -CABECERA
campo de control de longitud fija 00715nam a2200193 a 4500
005 - FECHA Y HORA DE LA ÚLTIMA TRANSACCIÓN
campo de control 20210223125954.0
008 - ELEMENTOS DE LONGITUD FIJA--INFORMACIÓN GENERAL
campo de control de longitud fija 060627s2003 mx r 000 0 spa d
020 ## - NÚMERO INTERNACIONAL NORMALIZADO PARA LIBROS
Número Internacional Estándar del Libro 950518901X
035 ## - NÚMERO DE CONTROL DEL SISTEMA
Número de control de sistema UPN01000145511
049 ## - COLECCIÓN
Colección C
050 #4 - SIGNATURA TOPOGRÁFICA DE LA BIBLIOTECA DEL CONGRESO
Número de clasificación BF311
Número de documento/Ítem D5.2
245 00 - MENCIÓN DE TÍTULO
Título Diccionario de ciencias cognitivas :
Resto del título neurociencia, psicología, inteligencia artificial, lingüística y filosofía /
Mención de responsabilidad, etc. Olivier Houdé ... [et al.] ; tr. Carlo Rodolfo Molinari Marotto.
260 ## - PUBLICACIÓN, DISTRIBUCIÓN, ETC.
Lugar de publicación, distribución, etc. Buenos Aires :
Nombre del editor, distribuidor, etc. Amorrortu,
Fecha de publicación, distribución, etc. 2003.
300 ## - DESCRIPCIÓN FÍSICA
Extensión 497 p.
534 ## - NOTA SOBRE LA VERSIÓN ORIGINAL
Frase introductoria Traducción de:
Mención de título del original Vocabulaire de sciences cognitives
650 #4 - ASIENTO SECUNDARIO DE MATERIA - TERMINO TEMATICO
Término de materia o nombre geográfico como elemento de entrada CIENCIA COGNOSCITIVA -
Subdivisión de forma DICCIONARIOS
9 (RLIN) 5526
700 1# - ASIENTO SECUNDARIO--NOMBRE DE PERSONAL
Nombre de persona Houdé, Olivier,
Término indicativo de función/relación coaut.
9 (RLIN) 33985
905 ## - TIPO DE MATERIAL
Tipo de material Libro
Holdings
Estado de retiro Estado de pérdida Fuente del sistema de clasificación o colocación Estado dañado No para préstamo Código de colección Localización permanente Ubicación/localización actual Ubicación en estantería Total de préstamos Clasificación Código de barras Fecha visto por última vez Número de copia Tipo de ítem Koha
    Library of Congress Classification   Consulta Consulta Bib. Gregorio Torres Quintero Bib. Gregorio Torres Quintero Sala de lectura Sótano   BF311 D5.2 238268 31/12/2020 1 Libro